The murder of the maharajah / (Record no. 655)

MARC details
000 -LEADER
fixed length control field 00623cam a2200217 a 4500
005 - DATE AND TIME OF LATEST TRANSACTION
control field 20260322212029.0
008 - FIXED-LENGTH DATA ELEMENTS--GENERAL INFORMATION
fixed length control field data
010 ## - LIBRARY OF CONGRESS CONTROL NUMBER
LC control number 85672999
020 ## - INTERNATIONAL STANDARD BOOK NUMBER
International Standard Book Number 0002316560
020 ## - INTERNATIONAL STANDARD BOOK NUMBER
International Standard Book Number 9780002316569
040 ## - CATALOGING SOURCE
Original cataloging agency MH
Transcribing agency MH
Modifying agency DLC
050 14 - LIBRARY OF CONGRESS CALL NUMBER
Classification number PR6061.E26
Item number M8x 1980b
001 - CONTROL NUMBER
control field data
100 1# - MAIN ENTRY--PERSONAL NAME
Personal name Keating, H. R. F.
Dates associated with a name 1926-2011.
Fuller form of name (Henry Reymond Fitzwalter),
245 14 - TITLE STATEMENT
Title The murder of the maharajah /
Statement of responsibility, etc. H. R. F. Keating.
260 ## - PUBLICATION, DISTRIBUTION, ETC.
Place of publication, distribution, etc. London :
Name of publisher, distributor, etc. Collins,
Date of publication, distribution, etc. 1980.
300 ## - PHYSICAL DESCRIPTION
Extent 290 p. ;
Dimensions 22 cm.
490 0# - SERIES STATEMENT
Series statement The Crime club
655 #7 - INDEX TERM--GENRE/FORM
Genre/form data or focus term Detective and mystery stories.
Source of term gsafd
906 ## - LOCAL DATA ELEMENT F, LDF (RLIN)
a 7
b cbc
c orignew
d u
e ncip
f 19
g y-gencatlg
Holdings
Withdrawn status Lost status Damaged status Not for loan Home library Current library Shelving location Date acquired Total checkouts Full call number Barcode Date last seen Price effective from Koha item type
        Franklin Franklin General stacks 22/03/2026   PR6061.E26 M8x 1980b BC0010672 22/03/2026 22/03/2026 Books